Geboren in Baden-Baden - Statistiken

Allgemein
  • Dieses Quiz wurde 35 mal gespielt
    17 seit der letzten Aktualisierung
  • Das Durchschnittsergebnis liegt bei 1 aus 7
Antwortstatistiken
Hinweis Antwort % Korrekt
Schlagersänger, "Bora Bora" "Schöne Maid" "Auf der Straße nach Süden" 1938 Tony Marshall
76%
Letzter Reichskanzler des Kaiserreichs und letzter Thronfolger des Großherzogtums Baden 1867 Max von Baden
29%
SS-Obersturmbannführer und Kommandant des Konzentrationslagers Auschwitz 1901 Rudolf Höß
29%
Kameramann, "Der Teufel trägt Prada" "Die Bestimmung" "Die Bücherdiebin" 1965 Florian Ballhaus
6%
Fürst von Monaco von 1922 bis 1949 1870 Louis II.
0%
Kameramann, "Independence Day: Wiederkehr" "Red Notice" "September 5" 1983 Markus Förderer
0%
Kameramann, "Die Schöne und das Biest" "Hancock" "The Adam Project" "Ma Rainey's Black Bottom" 1958 Tobias A. Schliessler
0%
Keine übereinstimmenden Quizze gefunden
Verteilung der Resultate
Anzahl Personen mit jedem Resultat
Perzentil nach korrekt beantworteten Fragen
Ihre Resultats-Entwicklung
Sie haben dieses Quiz seit der letzten Aktualisierung nicht gespielt